000 00474 a2200157 4500
001 60654
020 _a8573072393
040 _cAnchieta - Pituba
100 _aLevenfus, Rosane Schotgues
240 1 0 _aFaça o vestibular com seu filho, faça vestibular com seus pais
_lpor
245 1 0 _aFaça o vestibular com seu filho, faça vestibular com seus pais
300 _a144
362 0 _a1997
650 4 _a. Vestibulares / Exames de admissão em universidades
942 _cBK
999 _c60654
_d60654